| 000 | 00534cam a2200145u 4500 | ||
|---|---|---|---|
| 082 |
_a359.0092 _bSCO |
||
| 100 | 1 |
_aScott, Robert Falcon, _949682 |
|
| 245 | 1 | 0 |
_aScott's last expedition ... _bVol. I. Being the journals of Captain R. F. Scott, |
| 260 |
_aLondon, _bSmith, Elder & co., _c1913. |
||
| 300 |
_a2 v. _bfronts., illus., plates (part col., part fold.) ports., fold. maps, facsims., tables. _c25 cm. |
||
| 526 |
_a0 _b0 _c0 _d359_009200000000000_SCO |
||
| 650 |
_aMCE _9379 |
||
| 700 | 1 |
_aHuxley, Leonard, _949683 |
|
| 942 |
_2ddc _cBK |
||
| 999 |
_c552469 _d552469 |
||